000
003290000a22001450004500
003
MACL
040
_a
MACL
090
_c
32213
_d
32211
100
_a
Iyer, Sriya
245
_a
Demography and Religion In India
260
_b
Oxford University Press
_c
2002
350
_a
595
650
_a
Social Science
942
_c
BOOK
_k
304.60/Iye
999
_c
31885
_d
31885